| 000 | 00363cam a22001217a 4500 | ||
|---|---|---|---|
| 008 | 180718b1961 xxu||||| |||| 00| 0 eng d | ||
| 082 | _aT19x6982 M461 | ||
| 100 | _aHeade, J.E. | ||
| 245 |
_aThe Economic and social structure of Mauritius _cby J.E. Heade...[et.al.] |
||
| 260 |
_aLondon _bMathuen _c1961 |
||
| 300 | _a246p. | ||
| 650 | _aMaurtius - Economic Conditions | ||
| 999 |
_c480501 _d480501 |
||